[Event "Charity Event for Memory Ukrainian Ches"]
[Site "Lviv"]
[Date "2024.03.15"]
[Round "4.16"]
[White "Masnyak, Yuriy"]
[Black "Sydoryka, Vladyslav"]
[Result "0-1"]
[WhiteElo "1831"]
[BlackElo "2190"]
[PlyCount "96"]
[EventDate "2024.03.15"]
[EventType "swiss (rapid)"]
[EventRounds "8"]
[EventCountry "UKR"]

1. e4 c6 2. d4 d5 3. e5 c5 4. c3 Nc6 5. Be2 Bf5 6. Nf3 e6 7. O-O cxd4 8. cxd4
Nge7 9. Nc3 Nc8 10. a3 Nb6 11. b3 Be7 12. Bb2 O-O 13. Qd2 Qd7 14. Rac1 Rfc8 15.
Ne1 Bg6 16. h3 a6 17. Kh1 Rc7 18. f4 Rac8 19. g4 Be4+ 20. Ng2 Qd8 21. Kh2 Bxg2
22. Kxg2 Na5 23. Qd1 Qf8 24. Nb1 Rxc1 25. Bxc1 Qd8 26. Bd3 Nc6 27. f5 Nxd4 28.
f6 gxf6 29. Bxh7+ Kxh7 30. Qxd4 Nd7 31. g5 f5 32. Qh4+ Kg8 33. Qg3 Rc2+ 34. Kh1
Qc7 35. Bf4 Nf8 36. g6 fxg6 37. Bh6 Kf7 38. Rg1 g5 39. Bxg5 Bxg5 40. Qxg5 Qxe5
41. Nd2 Qc3 42. Qh5+ Ke7 43. Qg5+ Ke8 44. Rg2 Qxh3+ 45. Kg1 Qc3 46. Qf4 Rc1+
47. Kh2 Qc7 48. Qxc7 Rxc7 0-1

[Event "Charity Event for Memory Ukrainian Ches"]
[Site "Lviv"]
[Date "2024.03.15"]
[Round "5.1"]
[White "Mosesov, Danyil"]
[Black "Kravtsiv, Martyn"]
[Result "1-0"]
[WhiteElo "2230"]
[BlackElo "2674"]
[PlyCount "68"]
[EventDate "2024.03.15"]
[EventType "swiss (rapid)"]
[EventRounds "8"]
[EventCountry "UKR"]

1. Nf3 d5 2. c4 e6 3. g3 Nf6 4. Bg2 Be7 5. O-O O-O 6. b3 d4 7. e3 c5 8. Ne5 Qc7
9. f4 Bd6 10. exd4 cxd4 11. Na3 a6 12. Nd3 Nbd7 13. Bb2 e5 14. c5 Nxc5 15. Nxe5
Bxe5 16. fxe5 Ng4 17. Rc1 Qxe5 18. Nc4 Qg5 19. Ba3 Be6 20. Nb6 Nd3 21. Nxa8
Rxa8 22. Rc7 Qa5 23. Qc2 Nde5 24. Bd6 Rd8 25. Rc5 Qb4 26. Bxe5 b6 27. Bc7 Rc8
28. Bxb6 Re8 29. Ba5 Qb8 30. Rc7 h5 31. Qc6 d3 32. Rb7 Qa8 33. Rb4 Qxc6 34.
Bxc6 Rc8 1-0

[Event "Charity Event for Memory Ukrainian Ches"]
[Site "Lviv"]
[Date "2024.03.15"]
[Round "5.2"]
[White "Grinev, Valeriy"]
[Black "Dubnevych, Maksym"]
[Result "0-1"]
[WhiteElo "2332"]
[BlackElo "2206"]
[PlyCount "66"]
[EventDate "2024.03.15"]
[EventType "swiss (rapid)"]
[EventRounds "8"]
[EventCountry "UKR"]

1. d4 Nf6 2. c4 e6 3. Nc3 d5 4. cxd5 exd5 5. Bg5 c6 6. e3 h6 7. Bh4 a5 8. Bd3
Na6 9. a3 Nc7 10. Nge2 Bd6 11. Qc2 O-O 12. h3 Ne6 13. O-O Re8 14. f3 Ng5 15. f4
Nxh3+ 16. gxh3 Rxe3 17. Ng3 g5 18. Nd1 Rxd3 19. Qxd3 gxh4 20. Nf5 Bxf5 21. Qxf5
Ne4 22. Ne3 Ng3 23. Qg4+ Kh8 24. Nf5 Qf6 25. Nxd6 Rg8 26. Nxf7+ Qxf7 27. Qf3
Nxf1+ 28. Kxf1 Rg3 29. Qf2 Qf5 30. Rd1 Qxh3+ 31. Ke1 Rg2 32. Rd3 Qh1+ 33. Qf1
Rg1 0-1

[Event "Charity Event for Memory Ukrainian Ches"]
[Site "Lviv"]
[Date "2024.03.15"]
[Round "5.3"]
[White "Alexikov, Alexander"]
[Black "Kislinsky, Alexey"]
[Result "0-1"]
[WhiteElo "2165"]
[BlackElo "2314"]
[PlyCount "27"]
[EventDate "2024.03.15"]
[EventType "swiss (rapid)"]
[EventRounds "8"]
[EventCountry "UKR"]

1. e4 c5 2. Nf3 d6 3. Bb5+ Nc6 4. O-O Bd7 5. c3 Nf6 6. Re1 a6 7. Ba4 e5 8. h3
b5 9. Bc2 g5 10. d4 g4 11. hxg4 Nxg4 12. a4 Rb8 13. axb5 axb5 14. Ra6 0-1

[Event "Charity Event for Memory Ukrainian Ches"]
[Site "Lviv"]
[Date "2024.03.15"]
[Round "5.4"]
[White "Sakun, Volodymyr"]
[Black "Mikhaletz, Lubomir"]
[Result "1/2-1/2"]
[WhiteElo "2274"]
[BlackElo "2171"]
[PlyCount "70"]
[EventDate "2024.03.15"]
[EventType "swiss (rapid)"]
[EventRounds "8"]
[EventCountry "UKR"]

1. e4 c5 2. Nf3 e6 3. c3 d5 4. exd5 exd5 5. d4 Nf6 6. Be2 Nc6 7. O-O Be7 8.
dxc5 Bxc5 9. Bg5 Be6 10. Nbd2 O-O 11. Nb3 Bb6 12. Nfd4 Re8 13. Bf3 Rc8 14. Re1
h6 15. Bh4 g5 16. Bg3 Qd7 17. h3 Ne4 18. Bxe4 dxe4 19. Rxe4 Bxb3 20. Rxe8+ Rxe8
21. Nxb3 Qxd1+ 22. Rxd1 f5 23. Kf1 f4 24. Bh2 Ne5 25. Nd4 Rd8 26. Ke2 Re8 27.
Kf1 Rd8 28. Ke2 Re8 29. Kf1 Rd8 30. Ke2 Re8 31. Kd2 Nc4+ 32. Kc2 Bxd4 33. cxd4
Re2+ 34. Kd3 Rxf2 35. Kxc4 Rxb2 1/2-1/2

[Event "Charity Event for Memory Ukrainian Ches"]
[Site "Lviv"]
[Date "2024.03.15"]
[Round "5.5"]
[White "Lornye, Pylyp"]
[Black "Dehtiarov, Roman"]
[Result "0-1"]
[WhiteElo "2034"]
[BlackElo "2270"]
[PlyCount "86"]
[EventDate "2024.03.15"]
[EventType "swiss (rapid)"]
[EventRounds "8"]
[EventCountry "UKR"]

1. Nf3 d5 2. g3 Bg4 3. Bg2 e6 4. h3 Bxf3 5. Bxf3 Nf6 6. c4 Nbd7 7. O-O c6 8.
cxd5 exd5 9. d3 Bd6 10. Nc3 O-O 11. e4 dxe4 12. dxe4 Qe7 13. Qc2 Rfe8 14. Bg2
Bb4 15. Re1 Rad8 16. Be3 Nb6 17. a3 Bc5 18. Nd5 cxd5 19. Bxc5 Qc7 20. exd5
Rxe1+ 21. Rxe1 Nbd7 22. Rc1 Rc8 23. b4 b6 24. d6 Qb8 25. Qf5 bxc5 26. bxc5 Qb5
27. a4 Qa5 28. Rb1 Qxc5 29. Qd3 h6 30. Rb7 Ne5 31. Qd2 Nc4 32. Qc3 Qxd6 33.
Rxa7 Nb6 34. Qb3 Nbd5 35. a5 Rb8 36. Qa2 Qc5 37. Ra6 Qc1+ 38. Kh2 Rb1 39. Ra8+
Kh7 40. h4 Rb2 41. Qa4 h5 42. Be4+ g6 43. Bxd5 Ng4+ 0-1

[Event "Charity Event for Memory Ukrainian Ches"]
[Site "Lviv"]
[Date "2024.03.15"]
[Round "5.6"]
[White "Pavlov, Sergey"]
[Black "Bagiryan, Vigen"]
[Result "1-0"]
[WhiteElo "2387"]
[BlackElo "2032"]
[PlyCount "117"]
[EventDate "2024.03.15"]
[EventType "swiss (rapid)"]
[EventRounds "8"]
[EventCountry "UKR"]

1. c4 e5 2. Nc3 d6 3. e3 g6 4. d4 Bg7 5. Nf3 Nc6 6. Be2 Nh6 7. d5 Nb8 8. e4 f6
9. h3 Nf7 10. h4 h5 11. Rb1 a5 12. a3 c5 13. b4 axb4 14. axb4 b6 15. O-O O-O
16. bxc5 bxc5 17. Nb5 Na6 18. Bd2 Bg4 19. Ra1 Qd7 20. Qc2 Nc7 21. Nc3 Rfb8 22.
Rfb1 Kh7 23. Rxa8 Rxa8 24. Nd1 Nd8 25. Ne3 Bxf3 26. Bxf3 Qa4 27. Qxa4 Rxa4 28.
Rb8 Ra8 29. Rb6 Bf8 30. g3 Be7 31. Kf1 Ra6 32. Rb8 Ra8 33. Rxa8 Nxa8 34. Bd1
Nb6 35. Ba5 Nd7 36. Ba4 Nf8 37. Nc2 g5 38. hxg5 fxg5 39. Ne3 Nb7 40. Bc7 Bd8
41. Bb8 Ng6 42. Nf5 Be7 43. Bc6 Na5 44. Be8 Bf8 45. Bb5 Nb3 46. f3 g4 47. Kf2
Nd2 48. fxg4 hxg4 49. Ke3 Nf3 50. Bxd6 Bxd6 51. Nxd6 Nd4 52. Nb7 Nb3 53. Ba4
Nd4 54. Nxc5 Kg7 55. Nb3 Nc2+ 56. Kd2 Nb4 57. c5 Kf6 58. c6 Ke7 59. c7 1-0

[Event "Charity Event for Memory Ukrainian Ches"]
[Site "Lviv"]
[Date "2024.03.15"]
[Round "5.7"]
[White "Fainkihen, Efim"]
[Black "Petursson, Margeir"]
[Result "0-1"]
[WhiteElo "1962"]
[BlackElo "2344"]
[PlyCount "88"]
[EventDate "2024.03.15"]
[EventType "swiss (rapid)"]
[EventRounds "8"]
[EventCountry "UKR"]

1. e4 c5 2. Nf3 g6 3. c3 d5 4. e5 a6 5. d4 Nc6 6. h3 Bg7 7. Bd3 f6 8. Bf4 fxe5
9. dxe5 Nh6 10. O-O O-O 11. Qd2 Nf7 12. Re1 e6 13. h4 Qc7 14. Qe2 Nh6 15. g3
Ng4 16. Nbd2 Bd7 17. Nf1 Rf7 18. N1h2 Nxh2 19. Nxh2 Raf8 20. Qe3 Ne7 21. Ng4
Nf5 22. Bxf5 Rxf5 23. Nf6+ Bxf6 24. exf6 Rxf4 25. gxf4 Rxf6 26. Qe5 Qxe5 27.
fxe5 Rf4 28. Kg2 Rxh4 29. Kg3 Rh5 30. f4 Rf5 31. Kg4 h5+ 32. Kg3 Bb5 33. Rad1
Kf7 34. b3 Ke7 35. Rg1 g5 36. fxg5 Rxg5+ 37. Kh4 Rxe5 38. Rg7+ Kf6 39. Rxb7
Re4+ 40. Kg3 Re3+ 41. Kf4 Rxc3 42. Rb6 Bd3 43. Rh1 Be2 44. Rh2 Rf3# 0-1

[Event "Charity Event for Memory Ukrainian Ches"]
[Site "Lviv"]
[Date "2024.03.15"]
[Round "5.9"]
[White "Sydoryka, Vladyslav"]
[Black "Podolskyi, Mykhailo"]
[Result "1-0"]
[WhiteElo "2190"]
[BlackElo "2244"]
[PlyCount "30"]
[EventDate "2024.03.15"]
[EventType "swiss (rapid)"]
[EventRounds "8"]
[EventCountry "UKR"]

1. b3 e5 2. Bb2 d6 3. e3 g6 4. c4 Bg7 5. Nf3 f5 6. d3 Nf6 7. Be2 c5 8. O-O O-O
9. Nc3 Nc6 10. Nd5 Nxd5 11. cxd5 Ne7 12. e4 Kh8 13. Nd2 Ng8 14. f4 exf4 15.
Bxg7+ Kxg7 {...} 1-0

[Event "Charity Event for Memory Ukrainian Ches"]
[Site "Lviv"]
[Date "2024.03.15"]
[Round "5.11"]
[White "Terletsky, Oleg A"]
[Black "Sergeev, Vladimir"]
[Result "1-0"]
[WhiteElo "1939"]
[BlackElo "2277"]
[PlyCount "49"]
[EventDate "2024.03.15"]
[EventType "swiss (rapid)"]
[EventRounds "8"]
[EventCountry "UKR"]

1. e4 Nf6 2. e5 Nd5 3. c4 Nb6 4. d4 d6 5. exd6 exd6 6. Nc3 Be7 7. Be3 O-O 8.
Qc2 Nc6 9. O-O-O d5 10. c5 Nc4 11. Bxc4 dxc4 12. Qa4 Bg5 13. Nf3 Bxe3+ 14. fxe3
Re8 15. Rhe1 Bg4 16. Qxc4 Bxf3 17. gxf3 Qh4 18. a3 Na5 19. Qb5 b6 20. c6 a6 21.
Qa4 Rad8 22. Kb1 Qxh2 23. d5 Qf2 24. Qf4 Nb3 25. Re2 1-0

[Event "Charity Event for Memory Ukrainian Ches"]
[Site "Lviv"]
[Date "2024.03.15"]
[Round "5.13"]
[White "Nedilko, Vasily"]
[Black "Frankiv, Oleksandr"]
[Result "1/2-1/2"]
[WhiteElo "2246"]
[BlackElo "1932"]
[PlyCount "224"]
[EventDate "2024.03.15"]
[EventType "swiss (rapid)"]
[EventRounds "8"]
[EventCountry "UKR"]

1. d4 d5 2. c4 Nc6 3. cxd5 Qxd5 4. e3 e5 5. Nc3 Bb4 6. a3 Bxc3+ 7. bxc3 exd4 8.
cxd4 Nf6 9. Nf3 O-O 10. Be2 Bg4 11. O-O Rad8 12. Bb2 Rfe8 13. Rc1 Ne4 14. Qa4
Nd2 15. Nxd2 Bxe2 16. Rfe1 Bb5 17. Qb3 Qxb3 18. Nxb3 b6 19. Nd2 Rd7 20. Nf3 f6
21. Rc3 Na5 22. Rec1 Rc8 23. h4 Nb7 24. e4 c5 25. d5 Nd6 26. e5 fxe5 27. Nxe5
Re7 28. Rg3 Ne4 29. Re3 Nf6 30. d6 Re6 31. Rd1 Rd8 32. d7 Nxd7 33. Nxd7 Rxd7
34. Rxe6 Rxd1+ 35. Kh2 Kf7 36. Re3 Rd3 37. Re5 g6 38. h5 Rd2 39. hxg6+ hxg6 40.
Bc1 Rxf2 41. Kg3 Rf5 42. Re1 Rf1 43. Rxf1+ Bxf1 44. Kf2 Bd3 45. Ke3 Bf5 46. Kd2
Ke6 47. Kc3 Kd5 48. Bf4 b5 49. Bc7 a6 50. g3 Ke4 51. Bb6 c4 52. a4 Kf3 53. Bc7
Bd7 54. axb5 axb5 55. Kb4 Ke4 56. Kc3 Kd5 57. Bd8 Kc5 58. Be7+ Kb6 59. Bf8 Ka5
60. Be7 Kb6 61. Bf8 Kc6 62. Kd4 Bf5 63. Bb4 Kd7 64. Kc3 Ke6 65. Kd4 Bd3 66. Ba3
Kf5 67. Kc3 Ke5 68. Bf8 g5 69. Bg7+ Ke4 70. Bf8 Kf3 71. Bd6 Kf2 72. Kb4 Be2 73.
Kc3 Ke3 74. Be7 g4 75. Bd6 Ke4 76. Bf8 Kd5 77. Be7 Ke5 78. Bf8 Ke4 79. Be7 Kf3
80. Bd6 Bd1 81. Kb4 Ba4 82. Kc3 Bb3 83. Kb4 Bd1 84. Kc3 Be2 85. Kb4 Bd3 86. Kc3
Bg6 87. Kb4 Be8 88. Kc3 Bc6 89. Kb4 Ke4 90. Kc3 Ke3 91. Be7 Kf3 92. Bd6 Ke2 93.
Be7 Be4 94. Bd6 Kf3 95. Kb4 Bb7 96. Kc3 Ke4 97. Bf8 Kd5 98. Be7 Bc8 99. Bf8 Bf5
100. Be7 Ke4 101. Bf8 Bd7 102. Be7 Ke3 103. Bf8 Ke2 104. Be7 Bf5 105. Bf8 Bd3
106. Bd6 Kf3 107. Kb4 Ke3 108. Kc3 Be4 109. Be7 Bd5 110. Bc5+ Kf3 111. Bd6 Kf2
112. Kb4 Kf3 1/2-1/2

[Event "Charity Event for Memory Ukrainian Ches"]
[Site "Lviv"]
[Date "2024.03.15"]
[Round "5.27"]
[White "Shevchenko, Yaroslav"]
[Black "Katsan, Danylo"]
[Result "1-0"]
[WhiteElo "2006"]
[BlackElo "1815"]
[PlyCount "76"]
[EventDate "2024.03.15"]
[EventType "swiss (rapid)"]
[EventRounds "8"]
[EventCountry "UKR"]

1. d4 Nf6 2. c4 g6 3. g3 Bg7 4. Bg2 O-O 5. Nc3 d6 6. Nf3 Nbd7 7. O-O c5 8. d5
Rb8 9. a4 Re8 10. h3 Nb6 11. Qd3 e6 12. Nd2 exd5 13. cxd5 Nbd7 14. Nc4 Ne5 15.
Nxe5 Rxe5 16. e4 a6 17. Re1 Re8 18. Bf4 Nh5 19. Bd2 Qf6 20. Nd1 Qd4 21. Qc2 Qe5
22. Bc3 Qe7 23. Ne3 b5 24. axb5 axb5 25. b4 c4 26. Ra5 Bxc3 27. Qxc3 Qe5 28.
Qxe5 Rxe5 29. Nc2 Nf6 30. Nd4 Bd7 31. f4 Re7 32. Ra7 Nxd5 33. Rb1 Nc3 34. Rc1
Nxe4 35. Rxd7 Rxd7 36. Bxe4 Rb6 37. Ra1 Rc7 38. Kf2 c3 1-0

[Event "Charity Event for Memory Ukrainian Ches"]
[Site "Lviv"]
[Date "2024.03.15"]
[Round "6.2"]
[White "Dehtiarov, Roman"]
[Black "Dubnevych, Maksym"]
[Result "0-1"]
[WhiteElo "2270"]
[BlackElo "2206"]
[PlyCount "130"]
[EventDate "2024.03.15"]
[EventType "swiss (rapid)"]
[EventRounds "8"]
[EventCountry "UKR"]

1. e4 e5 2. Nf3 Nc6 3. Bb5 a6 4. Ba4 Nge7 5. c3 Ng6 6. O-O d5 7. exd5 Qxd5 8.
Re1 Bg4 9. Bb3 Qd7 10. h3 Be6 11. Bxe6 Qxe6 12. Ng5 Qd7 13. d4 h6 14. d5 hxg5
15. dxc6 Qxc6 16. Bxg5 f6 17. Be3 Nh4 18. Qg4 f5 19. Qg3 Bd6 20. Bg5 e4 21. Qe3
Ng6 22. Nd2 O-O 23. h4 Rae8 24. h5 Ne5 25. h6 Ng4 26. Qh3 gxh6 27. Bh4 Bf4 28.
Nf1 Qg6 29. Rad1 Rf7 30. Re2 Ne5 31. Kh1 Rg7 32. Ne3 Bxe3 33. Rxe3 Qh5 34. Ree1
Rg4 35. g3 Nf3 36. Rg1 Kf7 37. Rd7+ Ke6 38. Rxc7 Nxh4 39. gxh4 Rxh4 40. Rg6+
Ke5 41. Rc5+ Kf4 42. Rxf5+ Qxf5 43. Qxh4+ Ke5 44. Qg3+ Qf4 45. Qxf4+ Kxf4 46.
Rxh6 Kf3 47. Kg1 Rd8 48. Rf6+ Ke2 49. Re6 Rg8+ 50. Kh2 Kxf2 51. Rf6+ Ke2 52.
Rf7 b5 53. Rf6 a5 54. Rf5 b4 55. Rxa5 bxc3 56. bxc3 Kd3 57. Re5 e3 58. c4 e2
59. c5 Rg4 60. c6 Rc4 61. Kg2 Rxc6 62. Re8 Rg6+ 63. Kf2 Rf6+ 64. Kg2 Rf1 65.
Rd8+ Kc4 0-1

[Event "Charity Event for Memory Ukrainian Ches"]
[Site "Lviv"]
[Date "2024.03.15"]
[Round "6.4"]
[White "Petursson, Margeir"]
[Black "Sakun, Volodymyr"]
[Result "0-1"]
[WhiteElo "2344"]
[BlackElo "2274"]
[PlyCount "66"]
[EventDate "2024.03.15"]
[EventType "swiss (rapid)"]
[EventRounds "8"]
[EventCountry "UKR"]

1. d4 d5 2. c4 e6 3. Nf3 Nf6 4. g3 Bb4+ 5. Nc3 dxc4 6. Bg2 O-O 7. O-O Nc6 8. a3
Be7 9. e4 Rb8 10. Re1 b5 11. Bf4 a6 12. d5 Na5 13. Nd4 Bc5 14. Rb1 exd5 15.
exd5 Bg4 16. Qd2 Re8 17. Bg5 Rxe1+ 18. Rxe1 h6 19. Bf4 Bb6 20. h3 Bd7 21. Be5
Rc8 22. Qf4 Nh5 23. Qf3 Qg5 24. h4 Qg6 25. Nc6 Re8 26. Re4 Nxc6 27. dxc6 Bxc6
28. Qd1 Bxe4 29. Bxe4 Qe6 30. Qxh5 Qxe5 31. Qf3 Bd4 32. Bd5 Qf6 33. Qxf6 Bxf6
0-1

[Event "Charity Event for Memory Ukrainian Ches"]
[Site "Lviv"]
[Date "2024.03.15"]
[Round "6.5"]
[White "Kravtsiv, Martyn"]
[Black "Sydoryka, Vladyslav"]
[Result "1-0"]
[WhiteElo "2674"]
[BlackElo "2190"]
[PlyCount "49"]
[EventDate "2024.03.15"]
[EventType "swiss (rapid)"]
[EventRounds "8"]
[EventCountry "UKR"]

1. e4 c6 2. Nf3 d5 3. d3 dxe4 4. dxe4 Qxd1+ 5. Kxd1 g6 6. a4 Nf6 7. Nfd2 Nbd7
8. f3 Nc5 9. Nc4 Bg7 10. Be3 Nfd7 11. Nbd2 b5 12. axb5 cxb5 13. Nb6 Bxb2 14.
Ra2 Nxb6 15. Bxc5 Bd7 16. Bxb6 O-O 17. Rxb2 axb6 18. Bd3 Ra1+ 19. Rb1 Rfa8 20.
Ke2 R1a2 21. Rhc1 Rc8 22. Bxb5 Rcxc2 23. Rxc2 Bxb5+ 24. Rxb5 Rxc2 25. Rxb6 1-0

[Event "Charity Event for Memory Ukrainian Ches"]
[Site "Lviv"]
[Date "2024.03.15"]
[Round "6.6"]
[White "Bagiryan, Vigen"]
[Black "Grinev, Valeriy"]
[Result "0-1"]
[WhiteElo "2032"]
[BlackElo "2332"]
[PlyCount "54"]
[EventDate "2024.03.15"]
[EventType "swiss (rapid)"]
[EventRounds "8"]
[EventCountry "UKR"]

1. e4 c5 2. Nf3 e6 3. g3 Nc6 4. Bg2 Nf6 5. d3 d5 6. exd5 exd5 7. O-O Be7 8. d4
O-O 9. h3 Bf5 10. c3 Qb6 11. Re1 Rfe8 12. b3 cxd4 13. Nxd4 Nxd4 14. cxd4 Bb4
15. Rxe8+ Rxe8 16. Be3 Ne4 17. g4 Bg6 18. a3 Bd6 19. b4 a5 20. Qa4 Ra8 21. Bxe4
Bxe4 22. Nc3 Bf3 23. bxa5 Qd8 24. Qb5 Qh4 25. Qf1 h5 26. g5 Re8 27. Re1 Rxe3
0-1

[Event "Charity Event for Memory Ukrainian Ches"]
[Site "Lviv"]
[Date "2024.03.15"]
[Round "6.7"]
[White "Starozhilov, Leonid"]
[Black "Hnatyshyn, Anastasiya"]
[Result "0-1"]
[WhiteElo "2285"]
[BlackElo "2017"]
[PlyCount "70"]
[EventDate "2024.03.15"]
[EventType "swiss (rapid)"]
[EventRounds "8"]
[EventCountry "UKR"]

1. c4 e6 2. Nf3 d5 3. b3 Nf6 4. Bb2 c5 5. cxd5 exd5 6. e3 Nc6 7. Bb5 Be7 8.
Bxc6+ bxc6 9. Ne5 Qb6 10. O-O O-O 11. d3 a5 12. Nc3 a4 13. Ba3 axb3 14. axb3
Bd6 15. d4 Rxa3 16. Rxa3 cxd4 17. Na4 Qc7 18. Ra2 Bxe5 19. f4 Bd6 20. Qxd4 c5
21. Qd3 Bb7 22. Nc3 Qc6 23. Qb5 d4 24. Qxc6 Bxc6 25. Ra6 dxc3 26. Rxc6 Ne4 27.
Ra1 Rb8 28. Ra4 f5 29. g4 g6 30. g5 Rxb3 31. Rc8+ Kf7 32. Ra7+ Ke6 33. Ra2 Rb1+
34. Kg2 Rb2+ 35. Rxb2 cxb2 0-1

[Event "Charity Event for Memory Ukrainian Ches"]
[Site "Lviv"]
[Date "2024.03.15"]
[Round "6.10"]
[White "Bykovskiy, Oleg"]
[Black "Zakordonets, Olexandr"]
[Result "1-0"]
[WhiteElo "2161"]
[BlackElo "1985"]
[PlyCount "65"]
[EventDate "2024.03.15"]
[EventType "swiss (rapid)"]
[EventRounds "8"]
[EventCountry "UKR"]

1. e4 c6 2. d4 d5 3. exd5 cxd5 4. Bd3 Nc6 5. c3 Nf6 6. h3 g6 7. Nf3 Bf5 8. Be2
e6 9. O-O Bd6 10. Nbd2 h5 11. Re1 Kf8 12. Nf1 Kg7 13. Bg5 Qc7 14. Bd3 Bxd3 15.
Bxf6+ Kxf6 16. Qxd3 Kg7 17. N1d2 b5 18. Ng5 Rhe8 19. b4 Bf4 20. Ngf3 Ne7 21.
Nb3 Nf5 22. Nc5 Nd6 23. g3 Bh6 24. a4 bxa4 25. Rxa4 a5 26. Ne5 Ne4 27. Nxe4
dxe4 28. Qxe4 Qxc3 29. Rea1 Red8 30. bxa5 Rab8 31. Nc6 Rbc8 32. Nxd8 Rxd8 33.
a6 1-0

[Event "Charity Event for Memory Ukrainian Ches"]
[Site "Lviv"]
[Date "2024.03.15"]
[Round "6.12"]
[White "Karvatskyi, Oleksii"]
[Black "Hrabinska, Myroslava"]
[Result "1/2-1/2"]
[WhiteElo "1985"]
[BlackElo "2117"]
[PlyCount "59"]
[EventDate "2024.03.15"]
[EventType "swiss (rapid)"]
[EventRounds "8"]
[EventCountry "UKR"]

1. d4 d5 2. Nc3 Nf6 3. Bf4 c6 4. e3 Bf5 5. Nf3 e6 6. Ne5 Bb4 7. g4 Bg6 8. h4
Ne4 9. h5 Nxc3 10. bxc3 Bxc3+ 11. Ke2 Be4 12. f3 Bxa1 13. Qxa1 f6 14. fxe4 fxe5
15. Bxe5 O-O 16. Qe1 Nd7 17. Bd6 Rf7 18. e5 Qb6 19. g5 Qb5+ 20. Kd1 Qb1+ 21.
Kd2 Qxa2 22. Bh3 Nb6 23. Bxe6 Nc4+ 24. Kd3 Nxd6 25. g6 Qa6+ 26. Kc3 Qa3+ 27.
Kd2 Ne4+ 28. Kd1 Qa1+ 29. Ke2 Qa3 30. Kd1 1/2-1/2

[Event "Charity Event for Memory Ukrainian Ches"]
[Site "Lviv"]
[Date "2024.03.15"]
[Round "6.15"]
[White "Kotovskyy, Dmytro"]
[Black "Gerasimenyk, Mikhail"]
[Result "0-1"]
[WhiteElo "1962"]
[BlackElo "2051"]
[PlyCount "84"]
[EventDate "2024.03.15"]
[EventType "swiss (rapid)"]
[EventRounds "8"]
[EventCountry "UKR"]

1. e4 c6 2. Nf3 d5 3. Nc3 dxe4 4. Nxe4 Nf6 5. Ng3 h5 6. h4 Bg4 7. Bc4 e6 8. d3
Bd6 9. Bg5 Qc7 10. Bxf6 gxf6 11. Ne4 Nd7 12. Nxd6+ Qxd6 13. Qe2 Ne5 14. O-O-O
Nxf3 15. gxf3 Qf4+ 16. Qd2 Qxd2+ 17. Rxd2 Bxf3 18. Rg1 Ke7 19. Rg3 Bd5 20. Bxd5
cxd5 21. d4 Rhg8 22. Rdd3 Rg4 23. Rxg4 hxg4 24. h5 f5 25. Kd2 f4 26. Ke2 Kf6
27. Rc3 b6 28. Rc7 Rh8 29. Rxa7 Rxh5 30. Rb7 Rh2 31. Ke1 g3 32. fxg3 fxg3 33.
Kf1 Rxc2 34. Rxb6 Kg5 35. a4 Kg4 36. Rb8 f5 37. a5 f4 38. a6 g2+ 39. Kg1 Kg3
40. Rg8+ Kf3 41. a7 Rc1+ 42. Kh2 Rh1# 0-1

[Event "Charity Event for Memory Ukrainian Ches"]
[Site "Lviv"]
[Date "2024.03.15"]
[Round "6.21"]
[White "Nakonechnyi, Oleksii"]
[Black "Nedilko, Vasily"]
[Result "0-1"]
[WhiteElo "1910"]
[BlackElo "2246"]
[PlyCount "76"]
[EventDate "2024.03.15"]
[EventType "swiss (rapid)"]
[EventRounds "8"]
[EventCountry "UKR"]

1. c4 e5 2. Nc3 Nf6 3. g3 Bb4 4. Nd5 Nxd5 5. cxd5 O-O 6. Bg2 c5 7. e3 d6 8. Ne2
Nd7 9. O-O b5 10. d4 Re8 11. a3 Ba5 12. dxc5 dxc5 13. e4 Bb6 14. Be3 c4 15.
Bxb6 Qxb6 16. Qc2 Nc5 17. Rad1 Bd7 18. Kh1 Nd3 19. Nc1 Nc5 20. f4 f6 21. Ne2 a5
22. fxe5 fxe5 23. Bf3 Rf8 24. Kg2 Rf6 25. Qc3 Re8 26. Nc1 Na4 27. Qc2 Ref8 28.
Qe2 Qc5 29. Rd2 Qc8 30. g4 Rf4 31. h3 h5 32. Kg3 Nc5 33. d6 Qc6 34. Rdd1 R8f6
35. Qe3 hxg4 36. hxg4 Bxg4 37. Bxg4 Rxf1 38. d7 Rxd1 0-1

[Event "Charity Event for Memory Ukrainian Ches"]
[Site "Lviv"]
[Date "2024.03.15"]
[Round "6.22"]
[White "Podolskyi, Mykhailo"]
[Black "Tarleva, Vira"]
[Result "1/2-1/2"]
[WhiteElo "2244"]
[BlackElo "1917"]
[PlyCount "99"]
[EventDate "2024.03.15"]
[EventType "swiss (rapid)"]
[EventRounds "8"]
[EventCountry "UKR"]

1. d4 d5 2. c4 c6 3. e3 Nf6 4. Nc3 a6 5. Qc2 e6 6. Nf3 c5 7. cxd5 exd5 8. Be2
Nc6 9. O-O cxd4 10. Nxd4 Nxd4 11. exd4 Be7 12. Bf3 Be6 13. Bg5 O-O 14. Qb3 b5
15. Rfd1 b4 16. Bxf6 Bxf6 17. Qxb4 Rb8 18. Qa3 Be7 19. Qxa6 Rxb2 20. Rab1 Rb4
21. Rxb4 Bxb4 22. Ne2 Qa8 23. Qxa8 Rxa8 24. Nf4 Rxa2 25. Bxd5 Rd2 26. Rxd2 Bxd2
27. Nxe6 fxe6 28. Bxe6+ Kf8 29. Kf1 Bc3 30. d5 Be5 31. g3 g5 32. Ke2 Ke7 33.
Kf3 Bd4 34. Kg4 Kf6 35. f3 Bg1 36. h3 Bf2 37. f4 gxf4 38. Kxf4 Bc5 39. h4 Bd6+
40. Kf3 h5 41. Bd7 Ke5 42. Bc6 Be7 43. Bb7 Bf6 44. Bc6 Be7 45. Be8 Kxd5 46.
Bxh5 Bxh4 47. gxh4 Ke6 48. Kf4 Kf6 49. Bd1 Kg7 50. Ke4 1/2-1/2

[Event "Charity Event for Memory Ukrainian Ches"]
[Site "Lviv"]
[Date "2024.03.15"]
[Round "6.25"]
[White "Skarbarchuk, Tetyana"]
[Black "Romaniv, Mykola"]
[Result "1-0"]
[WhiteElo "2058"]
[BlackElo "1840"]
[PlyCount "55"]
[EventDate "2024.03.15"]
[EventType "swiss (rapid)"]
[EventRounds "8"]
[EventCountry "UKR"]

1. d4 Nf6 2. c4 e6 3. Nf3 d5 4. Nc3 c6 5. e3 Nbd7 6. Bd3 Bd6 7. O-O h6 8. e4
dxe4 9. Nxe4 Nxe4 10. Bxe4 Nf6 11. Bc2 b6 12. b3 Bb7 13. Bb2 b5 14. Re1 Qc7 15.
Qd3 bxc4 16. bxc4 O-O-O 17. Rab1 c5 18. h3 Nh5 19. d5 exd5 20. Qf5+ Kb8 21.
Qxh5 d4 22. Bxd4 cxd4 23. Be4 Qxc4 24. Bxb7 Bb4 25. Rec1 Qxc1+ 26. Rxc1 Kxb7
27. Qb5+ Ka8 28. Qxb4 1-0

[Event "Charity Event for Memory Ukrainian Ches"]
[Site "Lviv"]
[Date "2024.03.15"]
[Round "7.1"]
[White "Dubnevych, Maksym"]
[Black "Kislinsky, Alexey"]
[Result "0-1"]
[WhiteElo "2206"]
[BlackElo "2314"]
[PlyCount "44"]
[EventDate "2024.03.15"]
[EventType "swiss (rapid)"]
[EventRounds "8"]
[EventCountry "UKR"]

1. Nc3 Nf6 2. e4 e5 3. g3 d5 4. exd5 c6 5. dxc6 Nxc6 6. d3 Bc5 7. Bg5 Qb6 8.
Qd2 Ng4 9. Nd1 Nxf2 10. Nxf2 h6 11. Ne4 hxg5 12. Nxc5 Qxc5 13. O-O-O f6 14. Bg2
Bg4 15. Bf3 Bxf3 16. Nxf3 Qd5 17. Qe3 Qxa2 18. Kd2 O-O-O 19. Ra1 Qd5 20. c3 a6
21. Kc2 Rd7 22. Ra3 g4 0-1

[Event "Charity Event for Memory Ukrainian Ches"]
[Site "Lviv"]
[Date "2024.03.15"]
[Round "7.2"]
[White "Pavlov, Sergey"]
[Black "Sakun, Volodymyr"]
[Result "1/2-1/2"]
[WhiteElo "2387"]
[BlackElo "2274"]
[PlyCount "62"]
[EventDate "2024.03.15"]
[EventType "swiss (rapid)"]
[EventRounds "8"]
[EventCountry "UKR"]

1. c4 e6 2. g3 d5 3. Bg2 Nf6 4. Nf3 Be7 5. d4 O-O 6. Nc3 dxc4 7. O-O Nc6 8. e3
Rb8 9. Qa4 Bd6 10. Qxc4 e5 11. d5 Ne7 12. Ng5 a6 13. a4 Bd7 14. Rd1 b5 15. axb5
axb5 16. Qb3 Bg4 17. f3 Bf5 18. e4 Bd7 19. Be3 h6 20. Nh3 Nh7 21. f4 Bxh3 22.
Bxh3 exf4 23. gxf4 Ng6 24. e5 Qh4 25. Bg2 Nxf4 26. exd6 Nxg2 27. Kxg2 Qg4+ 28.
Kf2 Qh4+ 29. Kg2 Qg4+ 30. Kf2 Qh4+ 31. Kg2 Qg4+ 1/2-1/2